000
00291cam a22001097a 4500
008
180718b-- xxu||||| |||| 00| 0 eng d
082
_a
A45:U61 ONGC
100
_a
Oil and Natural Gas Commission
245
_a
Annual report
260
_a
New Delhi
_b
The author
_c
--
500
_a
Library has 2005/06
999
_c
502514
_d
502514